000 00699nam a2200217 a 4500
008
020 _a0582251672 (pbk.)
049 _aMAIN
090 _aQD101.2
_bVOG
245 1 0 _aVogel's textbook of quantitative chemical analysis /
_cG. H. Jeffery... [et al.]
250 _a5th ed /
_brevised by G. H. Jeffery ... [et al.].
260 _aNew York :
_bLongman Scientific & Technical,
_c1989.
300 _axxix, 877 p. :
_bill. ;
_c23cm.
650 0 _aChemistry, Analytic
_xQuantitative.
700 1 _aJeffery, G. H.
907 _a.b10048716
_b17-09-13
_c17-04-03
003
005 20230123134409.0
040 _cNUST
942 _cBOOKS
_kQD101.2
_mVOG
999 _c165213
_d165213